| 000 | 00681nam a22001577a 4500 | ||
|---|---|---|---|
| 003 | OSt | ||
| 005 | 20160517092421.0 | ||
| 008 | 160517b xxu||||| |||| 00| 0 eng d | ||
| 040 | _cRUA | ||
| 082 | _aAGR OUM 2011 B470 Or.1 | ||
| 100 |
_98356 _aOUM SOPHANN; អ៊ុំ សុផាន់ |
||
| 245 | _astudy on nematode on rice and vegetables in angkor chey district, kampot province, សិក្សាវត្តមានណេម៉ាតូតទៅលើដំណាំស្រូវ និងបន្លែនៅស្រុកអង្គរជ័យ ខេត្តកំពត | ||
| 260 |
_aPhnom Penh _bRUA _c2011 |
||
| 300 |
_axi; 47p. _bill. _c29cm. |
||
| 942 |
_2ddc _cAGR |
||
| 999 |
_c8004 _d8004 |
||